| 000 | 01570nam a22004337a 4500 | ||
|---|---|---|---|
| 001 | 111 | ||
| 003 | FISKH | ||
| 005 | 20250407140328.0 | ||
| 008 | 230227b cb ||||| |||| 00| 0 eng d | ||
| 020 | _a9780439263221 | ||
| 040 |
_aDLC _cDLC _dDLC |
||
| 042 |
_apcc _alcac |
||
| 043 | _anp----- | ||
| 050 | 0 | 0 |
_aE99.D1 _bS613 2002 |
| 082 | 0 | 0 |
_a978.004/9752 _aB _221 |
| 100 | 1 | _aRoop, Connie. | |
| 245 | 1 | 0 |
_aSitting Bull / _cConnie Roop and Peter Roop. |
| 260 |
_aNew York : _bScholastic, _c2002 |
||
| 300 |
_a128 p. : _bill. ; _c19 cm. |
||
| 490 | 1 | _aIn their own words | |
| 504 | _aIncludes bibliographical references and index. | ||
| 505 | _aM | ||
| 521 | 8 |
_a770 _bLexile |
|
| 521 | 8 |
_aM _bRaz-Plus |
|
| 600 | 0 | 0 |
_aSitting Bull, _d1831-1890 _vJuvenile literature. |
| 600 | 0 | 1 |
_aSitting Bull, _d1831-1890. |
| 650 | 0 |
_aHunkpapa Indians _vBiography _vJuvenile literature. |
|
| 650 | 0 |
_aDakota Indians _vBiography _vJuvenile literature. |
|
| 650 | 1 |
_aHunkpapa Indians _vBiography. |
|
| 650 | 1 |
_aIndians of North America _zGreat Plains _vBiography. |
|
| 650 | 1 |
_aDakota Indians _xHistory. |
|
| 650 | 1 | _aKings, queens, rulers, etc. | |
| 700 | 1 | _aRoop, Peter. | |
| 830 | 0 | _aIn their own words (Scholastic) | |
| 856 | 4 | 2 |
_3Publisher description _uhttp://www.loc.gov/catdir/description/schol051/2001020036.html |
| 906 |
_a7 _bcbc _corignew _d1 _eocip _f20 _gy-gencatlg |
||
| 942 |
_2ddc _cBK _n0 |
||
| 999 |
_c111 _d111 |
||